000 00427nam a2200157Ia 4500
008 210210b2001 xxu||||| |||| 00| 0 eng d
082 _a510 RAOT
100 _aRAO (B M Sreenivasa).
245 _aText book of mathematics. I PUC Ed 7.
250 _a
260 _aBangalore.
_bExcellent Educational Enterprises
_c2001
300 _a172,M142
650 _aMaths I PUC Excellent
690 _aMathematics
906 _a056468
999 _c103943
_d103943